Rap Français: Qui a chanté? - Statistiques

Statistiques générales
  • Ce quiz a été pris 5 073 fois
  • Le résultat moyen est 12 sur 20
Statistiques - réponses
Hint Extra Hint Réponse % Correct
Réseaux 2017 Niska
95%
Macarena 2017 Damso
91%
Jefe 2021 Ninho
91%
Ma direction 2012 Sexion d'assaut
89%
Petete 2022 Gambi
82%
Or noir 2013 Kaaris
80%
La terre est ronde 2011 Orelsan
74%
Naha 2016 PNL
74%
Fusil 2015 SCH
68%
Egérie 2015 Nekfeu
64%
Pitbull 2006 Booba
60%
Rappel 2022 Gazo
57%
Parapluie 2022 Tiakola
42%
Le cœur des filles 2020 A2H
41%
Anunnaki 2022 Vald
41%
Sors de ma tête 2017 Niro
40%
La source 2011 1995
38%
Pas à ma place 2021 Lujipeka
37%
Quand je partirai 2013 La Fouine
36%
Cagoulé 2019 Siboy
36%
Aucun quiz correspondant
Distribution des résultats
% des personnes avec chaque résultat
Percentile par nombre de réponses
Votre historique - résultats
Vous n’avez pas pris ce quiz